1236 1845 1186 1875 1163 1367 1506 1276 1744 1249 1024 1131 1700 1124 1355 1681 1507 1347 1715 1407 1837 1095 1078 1883 1278 1265 1221 1379 1868 1669 1193 1813 1875 1392 1382 1467 1573 1561 1935 1473 1577 1516 1135 1720 1398 1224 1739 1291 1197 1202 1483 1799 1232 1708 1804 1380 1919 1178 1790 1056 1286 1780 1318 1637 1756 1096 1509 1295 1254 1908 1183 1438 1183 1157 1514 1161 1495 1824 1013 1329 1301 1008 1320 1550 1306 1632 1746 1593 1688 1903 1964 1001 1006 1271 1286 1789 1026 1397 1101 BCNSPRNW ULIB Ver.6.0+V

เปลี่ยนเป็นภาษาไทย

Change to English
 แสดงรายละเอียดบรรณานุกรม
  กลับหน้าหลัก

Brief Record : Get Marc (ISO 2709) : E-mail record : QR code < ปิดหน้าต่าง
LEADER : 00000nam 2200000uu 4500
001    13399121714
003     ULIB
008    141214s2552||||th 000 0 tha d
020    ^a9789746723954
060 04 ^aWD300^bม244ร
100 0  ^aมุทิตา ตระกูลทิวากร
245 10 ^aไรฝุ่น และโรคภูมิแพ้ทางเดินหายใจในเด็ก /^cมุทิตาตระกูลทิวากร, วรรณะ มหากิตติคุณ, ประนุท ตันไพบูลย์
250    ^aพิมพ์ครั้งที่ 1
260    ^aเชียงใหม่ :^bซิลค์เวอร์ม,^c2552
300    ^axiii, 190 หน้า :^bภาพประกอบ ;^c25 ซม.
650  0 ^aAllergy in children
650  2 ^aAntigens, Dermatophagoides^xin infancy & childhood
650  2 ^aPyroglyphidae^xin adolescent
650  7 ^aภูมิแพ้ในเด็ก
650  7 ^aไร
650  7 ^aโรคเกิดจากไร
653    ^aผลงานอาจารย์คณะแพทยศาสตร์ศิริราชพยาบาล
700 0  ^aวรรณะ มหากิตติคุณ
700 0  ^aประนุท ตันไพบูลย์
945    ^p450^l0^i16790
945    ^p450^l0^i16791
945    ^p450^l0^i22628
945    ^p450^l0^i22629
945    ^p450^l0^i22630
995    ทศพร
999 ^a ใช้งานได้ทุกระบบ
รายการนี้ยังไม่มีแท็ก
คุณยังไม่ได้ล็อกอิน คุณสามารถมีกิจกรรมร่วมกับเว็บไซต์ได้ แต่ต้องล็อกอินก่อน ::
  ล็อกอิน

รายการสื่อสารสนเทศ

ลำดับที่ ประเภท เลขเรียก/บาร์โค้ด สถานที่ สถานะ
- ไม่พบข้อมูล -

รายการใกล้เคียง
    ผู้แต่ง [มุทิตา ตระกูลทิวากร]

    หัวเรื่อง [Allergy in children]
    หัวเรื่อง [ภูมิแพ้ในเด็ก]
    หัวเรื่อง [ไร]
    หัวเรื่อง [โรคเกิดจากไร]

BibComment


ยังไม่เคยถูกคอมเมนท์

คอมเมนท์ทรัพยากรรายการนี้
  คอมเมนท์: ไรฝุ่น และโรคภูม..


 Copyright 2026. Bcnsprnw @Library